Risk and culture : An essay on the selection of technical and environmental dangers
Gardado en:
| Autor Principal: | |
|---|---|
| Formato: | Libro |
| Idioma: | Undetermined |
| Publicado: |
Berkeley
University of California Press
1982
|
| Những chủ đề: | |
| Các nhãn: |
Engadir etiqueta
Sen Etiquetas, Sexa o primeiro en etiquetar este rexistro!
|
| Thư viện lưu trữ: | Trung tâm Học liệu Trường Đại học Cần Thơ |
|---|
| LEADER | 00533nam a2200181Ia 4500 | ||
|---|---|---|---|
| 001 | CTU_78382 | ||
| 008 | 210402s9999 xx 000 0 und d | ||
| 082 | |a 304.19 | ||
| 082 | |b D735 | ||
| 100 | |a Douglas, Mary | ||
| 245 | 0 | |a Risk and culture : | |
| 245 | 3 | |b An essay on the selection of technical and environmental dangers | |
| 245 | 0 | |c Mary Douglas, Aron Wildavsky | |
| 260 | |a Berkeley | ||
| 260 | |b University of California Press | ||
| 260 | |c 1982 | ||
| 650 | |a Risk | ||
| 980 | |a Trung tâm Học liệu Trường Đại học Cần Thơ | ||